| 000 | 01055cam a22002891 4500 | ||
|---|---|---|---|
| 001 | 7702 | ||
| 003 | BD-RjUL | ||
| 005 | 20211208234448.0 | ||
| 008 | 140115s1957 gw b 000 0 ger | ||
| 035 | _a(BD-RjUL)7746 | ||
| 040 |
_aDLC/ICU _cICU _dDLC _beng |
||
| 041 | _aeng | ||
| 082 |
_220 _a515.723 _bOBT 1957 |
||
| 100 | 1 |
_aOberhettinger, Fritz. _924021 |
|
| 245 | 1 | 0 |
_aTabellen zur Fourier Transformation / _cFritz Oberhettinger |
| 260 |
_aBerlin : _bSpringer, _cc1957. |
||
| 300 |
_ax, 213, [1] p. _c24 cm. |
||
| 490 | 1 |
_aDie Grundlehren der mathematischen Wissenschaften in Einzeldarstellungen mit besonderer Berücksichtigung der Anwendungsgebiete, _vBd. 90 |
|
| 504 | _aBibliography: p. [214] and index. | ||
| 650 | 0 |
_aFourier transformations. _919726 |
|
| 650 | 0 |
_aMathematics _xTables. _920017 |
|
| 830 | 0 |
_vBd. 90. _924031 |
|
| 830 | 0 |
_aGrundlehren der mathematischen Wissenschaften in Einzeldarstellungen mit besonderer Berücksichtigung der Anwendungsgebiete ; _924032 |
|
| 942 |
_2ddc _cBK |
||
| 999 |
_c7702 _d7702 |
||